000 00911nam a22002055i 4500
001 178688
003 ES-MaACL
005 20250721200457.0
008 110610s1973 sp d |||| | spa d
080 _a616.2
100 1 _aBeltrán Dubon, María.
_9147124
245 1 0 _aContribución al estudio de la etiología y epidemiología de las virosis respiratorias en la población infantil /
_cresumen de la tesis presentada para aspirar al grado de doctor en medicina por María Beltrán Dubon.
260 _aBarcelona :
_bUniversidad de Barcelona, Secretariado de Publicaciones, Intercambio Científico y Extensión Universitaria :
_bIvern,
_c1973.
300 _a15 p. :
_bil. bl. y n. ;
_c24 cm.
500 _aCub. tomada como port.
650 0 7 _aEnfermedades víricas
_2
_9147125
710 2 _aUniversidad de Barcelona.
_97141
852 _aES-MaACL
_jE-15361 (95)
_xOlim P-1374
999 _c178688
_d178688